Sotrudničestvo stran Vostočnoj i Zapadnoj Jevropy v sfere sovmestnych vloženij.

V dvadsiatych rokoch založili v ZSSR viac ako 200 podnikov s účasťou zahraničného kapitálu. Po 2. svetovej vojne využívanie cudzieho kapitálu vylúčili. Údaje o spoločných podnikoch vo východnej Európe po r. 1989 a formách účasti západných firiem na rozvoji hospodárstva bývalých socialistických štáto...

Ausführliche Beschreibung

Gespeichert in:
Bibliographische Detailangaben
1. Verfasser: Pešakovič, G.
Format: Buchkapitel
Sprache:Russisch
Schlagworte:
Tags: Tag hinzufügen
Keine Tags, Fügen Sie das erste Tag hinzu!

MARC

LEADER 00000naa a2200000 4500
001 r004152
005 20221125115120.0
041 0 |a rus 
044 |a [YU] 
245 1 0 |a Sotrudničestvo stran Vostočnoj i Zapadnoj Jevropy v sfere sovmestnych vloženij.  |c G. Pešakovič 
520 |a V dvadsiatych rokoch založili v ZSSR viac ako 200 podnikov s účasťou zahraničného kapitálu. Po 2. svetovej vojne využívanie cudzieho kapitálu vylúčili. Údaje o spoločných podnikoch vo východnej Európe po r. 1989 a formách účasti západných firiem na rozvoji hospodárstva bývalých socialistických štátov. 
610 2 0 |a podnik spoločný 
610 2 0 |a kapitál zahraničný 
610 2 0 |a dejiny hospodárske 
610 2 0 |a východná Európa 
610 2 0 |a 1989 
610 2 0 |a údaje štatistické 
610 2 0 |a západná Európa 
100 1 |a Pešakovič, G.